000 00992ncm a2200265 a 4500
999 _c349470
_d349470
003 BLK
005 20250311142033.0
008 200325b bu ||||| |||| 00| 0 bu d
040 _aBLK
041 _aBUL
_cBUL
080 _aВокална музика
_b784
_x784
100 _aПучини, Джакомо
_d1858 - 1924
_gОперен композитор
_qПучини, Джакомо Антонио Доменико Микеле Секондо Мария
_9387431
139 _aПучини, Джакомо
245 _aАрия на Рудолф
_bИз оп. "Бохеми"
_cДжакомо Пучини
257 _aBGR
260 _9209548
_aСофия
_bНаука и изкуство
_c1955
_n978-954-02-
300 _a7 с.
_c31 см
380 _a7
650 0 _9353190
_aОпери, откъси
653 7 _9192847
_aопери
852 _aЦб М II 81
_bИП
942 _cNOT
_n0
_s1
944 _c2020-03-25
_k30560
_lГеновева Генчева
999 _d349470